000 00829nam a2200253 a 4500
001 BRCA_5633
005 20190320205148.0
008 210211m19171928sp-a######---#000-0#spa-#
041 _aspa
044 _asp
050 4 _aN7101
_b.A78 1917
245 1 0 _aArte y decoración en España
_barquitectura-arte decorativo
_cpor Víctor de Falgas ; tetxo de J. Sacs.
260 _aBarcelona
_bCasellas Moncanut
_c1917-1928
300 _a12 t. en 11 v.
_bil.(algunas a color), 1008 láminas
500 _aInicio de la publicación 1917
500 _aEstado físico: tapas y lomo desprendido (t.1)
500 _aF111
650 1 4 _aArte
_zEspaña
_92064
650 1 4 _aArquitectura
_zEspaña
_92007
650 1 4 _aDecoración y ornamentación
_zEspaña
_911563
700 1 _aSacs, Jean
_eEditor
_914343
902 _aGFM
942 _2lcc
_cB
999 _c5327
_d5327